000 00405nam a22001577a 4500
999 _c8995
_d8995
003 OSt
008 200715b ||||| |||| 00| 0 eng d
082 _a 615.1 MUH
100 _aMurugesh , N
245 _aHealth Education and Community Pharmacy
250 _a2018
260 _aMadurai
_bSathya
300 _a235
650 _aCommunity Pharmacy and Health Education and Communication
942 _2ddc
_cBK